methodology of research in social science. (Record no. 6640)

000 -LEADER
fixed length control field 00446nam a22001457a 4500
008 - FIXED-LENGTH DATA ELEMENTS--GENERAL INFORMATION
fixed length control field 200309b ||||| |||| 00| 0 eng d
082 ## - DEWEY DECIMAL CLASSIFICATION NUMBER
Classification number 300.72KRI.
100 ## - MAIN ENTRY--PERSONAL NAME
Personal name KRISHNASWAMI,o .r
245 ## - TITLE STATEMENT
Title methodology of research in social science.
Statement of responsibility, etc. o.r. krishnaswami. and m. ranganatham
Medium English
260 ## - PUBLICATION, DISTRIBUTION, ETC. (IMPRINT)
Place of publication, distribution, etc. Mumbai
Name of publisher, distributor, etc. himalaya
Date of publication, distribution, etc. 2006
300 ## - PHYSICAL DESCRIPTION
Extent 445p.
Other physical details illustation
Dimensions 24cm.
521 ## - TARGET AUDIENCE NOTE
Source Book
650 ## - SUBJECT ADDED ENTRY--TOPICAL TERM
Source of heading or term Research in social science
942 ## - ADDED ENTRY ELEMENTS (KOHA)
Source of classification or shelving scheme
Koha item type BOOKS

No items available.

IRDP © 2019 :: Managed by IRDP ICT Unit